Scientific inventory management / (Record no. 10182)
[ view plain ]
| 000 -LEADER | |
|---|---|
| fixed length control field | 00500cam a2200193ua 4500 |
| 041 ## - LANGUAGE CODE | |
| Language code of text/sound track or separate title | eng |
| 082 ## - DEWEY DECIMAL CLASSIFICATION NUMBER | |
| Classification number | 658.5 |
| Item number | BUC/SC |
| 100 ## - MAIN ENTRY--AUTHOR NAME | |
| Personal name | Buchan, Joseph . |
| 245 ## - TITLE STATEMENT | |
| Title | Scientific inventory management / |
| 250 ## - EDITION STATEMENT | |
| Edition statement | 1 / |
| 260 ## - PUBLICATION, DISTRIBUTION, ETC. (IMPRINT) | |
| Place of publication | New Delhi : |
| Name of publisher | Prentice Hall of India Pvt Ltd. , |
| Year of publication | 1966. |
| 300 ## - PHYSICAL DESCRIPTION | |
| Number of Pages | 523 ; . |
| 700 1# - ADDED ENTRY--PERSONAL NAME | |
| Personal name | Koenigsberg, Ernest . |
| 942 ## - ADDED ENTRY ELEMENTS (KOHA) | |
| Koha item type | Books |
| Withdrawn status | Lost status | Damaged status | Home library | Current library | Date acquired | Full call number | Accession Number | Koha item type |
|---|---|---|---|---|---|---|---|---|
| KAUAET | KAUAET | 07/04/2012 | 658.5 BUC/SC | 10814 | Books |
